[Event "WchT Seniors 50"]
[Site "Prague"]
[Date "2020.03.08"]
[Round "3.21"]
[White "Zabehlicky, Jiri"]
[Black "Dieterle Bard, Bernhard"]
[Result "1/2-1/2"]
[WhiteElo "1462"]
[BlackElo "1865"]
[PlyCount "138"]
[EventDate "2020.03.06"]
[EventType "team-swiss"]
[EventRounds "7"]
[EventCountry "CZE"]
[SourceTitle "CBM 195 Extra"]
[Source "ChessBase"]
[SourceDate "2020.05.31"]
[SourceVersion "1"]
[SourceVersionDate "2020.05.31"]
[SourceQuality "1"]
[WhiteTeam "Czech Republic 50 XII"]
[BlackTeam "Germany 50 VII"]
[WhiteTeamCountry "CZE"]
[BlackTeamCountry "GER"]

1. e4 e5 2. Nf3 Nc6 3. Bc4 Bc5 4. c3 Nf6 5. d3 0-0 6. 0-0 h6 7. Be3 Bxe3 8. fxe3 d6 9. Bb3 Bg4 10. Nbd2 Na5 11. Bc2 c5 12. Qe1 b5 13. a4 b4 14. c4 Rb8 15. b3 Nd7 16. Qg3 Bxf3 17. Rxf3 Nc6 18. Raf1 Ne7 19. Qf2 Nf6 20. Qg3 Ng6 21. Qh3 Qd7 22. Qxd7 Nxd7 23. g3 Rbe8 24. Kg2 Re6 25. h3 Rf6 26. Rxf6 Nxf6 27. Nf3 Nh7 28. g4 Ng5 29. Kg3 f6 30. h4 Nxf3 31. Rxf3 Ne7 32. Rf2 g6 33. Kh3 f5 34. gxf5 gxf5 35. Rg2+ Kf7 36. Rf2 Ke6 37. Bd1 Ng6 38. exf5+ Rxf5 39. Bg4 Ne7 40. Bxf5+ Nxf5 41. e4 Nd4 42. Rb2 h5 43. Kg3 Kf6 44. Kf2 Ne6 45. Ke3 Nd4 46. Kf2 Ne6 47. Ke3 Nd4 48. Rf2+ Kg7 49. Rg2+ Kh7 50. Rf2 Kg7 51. Kd2 Nxb3+ 52. Kc2 Nd4+ 53. Kb2 Ne6 54. Rf5 Nf4 55. Rg5+ Kh7 56. Kc2 Kh6 57. Rg8 Ng6 58. Ra8 Nxh4 59. Rxa7 Nf3 60. a5 Nd4+ 61. Kb2 Nc6 62. Ra6 Nxa5 63. Rxa5 h4 64. Ra8 Kg5 65. Rg8+ Kf4 66. Rf8+ Kg3 67. Rg8+ Kf2 68. Rh8 Kg3 69. Rg8+ Kf2 1/2-1/2